| LEADER : 00000nas 2200000uu 4500 |
| 001 13399114078 |
| 003 ULIB |
| 008 020711s|||| th a 000 0 tha d |
| 022 ^a0125684X |
| 110 ^aกรมวิทยาศาสตร์การแพทย์ |
| 245 ^aวารสารกรมวิทยาศาสตร์การแพทย์ |
| 260 ^aนนทบุรี :^b,กรมวิทยาศาสตร์การแพทย์^cม.ป.ป. |
| 310 ^aรายสามเดือน |
| 850 ^a ULIB^bปีที่ 61 ฉบับที่ 1 ฉ.1 ;ปีที่ 60 ฉบับที่ 2 ฉ.1 ;ปีที่ 60 ฉบับที่ 3 ฉ.1 ;ปีที่ 60 ฉบับที่ 4 ฉ.1 ;ปีที่ 2 ฉบับที่ 53 ;ปีที่ 3 ฉบับที่ 53 ;ปีที่ 1 ฉบับที่ 54 ;ปีที่ 2 ฉบับที่ 54 ;ปีที่ 1 ฉบับที่ 55 ;ปีที่ 2 ฉบับที่ 55 ;ปีที่ 3 ฉบับที่ 55 ;ปีที่ 4 ฉบับที่ 55 ;ปีที่ 1 ฉบับที่ 56 ;ปีที่ 3 ฉบับที่ 56 ฉ.1 ;ปีที่ 4 ฉบับที่ 56 ฉ.1 ;ปีที่ 1 ฉบับที่ 57 ฉ.1 ;ปีที่ 3 ฉบับที่ 57 ฉ.1 ;ปีที่ 2 ฉบับที่ 57 ฉ.1 ;ปีที่ 57 ฉบับที่ พิเศษ ฉ.1 ;ปีที่ 57 ฉบับที่ 2 ฉ.1 ;ปีที่ 57 ฉบับที่ 3 ฉ.1 ;ปีที่ 61 ฉบับที่ 2 ฉ.1 ;ปีที่ 57 ฉบับที่ 4 ฉ.1 ;ปีที่ 58 ฉบับที่ 1 ฉ.1 ;ปีที่ 58 ฉบับที่ 2 ฉ.1 ;ปีที่ 58 ฉบับที่ 3 ฉ.1 ;ปีที่ 58 ฉบับที่ 4 ฉ.1 ;ปีที่ 59 ฉบับที่ 2 ฉ.1 ;ปีที่ 59 ฉบับที่ 3 ฉ.1 ;ปีที่ 59 ฉบับที่ 4 ฉ.1 ;ปีที่ 60 ฉบับที่ 1 ฉ.1 ;ปีที่ 61 ฉบับที่ 3 ฉ.1
|
| 945 ^p0^l0^i905247
|
| 945 ^p0^l0^i905000
|
| 945 ^p0^l0^i905091
|
| 945 ^p0^l0^i905169
|
| 945 ^p0^l0^i900163
|
| 945 ^p0^l0^i900823
|
| 945 ^p0^l0^i901137
|
| 945 ^p0^l0^i901521
|
| 945 ^p0^l0^i901819
|
| 945 ^p0^l0^i901820
|
| 945 ^p0^l0^i901938
|
| 945 ^p0^l0^i902010
|
| 945 ^p0^l0^i902194
|
| 945 ^p0^l0^i902591
|
| 945 ^p0^l0^i902855
|
| 945 ^p0^l0^i903124
|
| 945 ^p0^l0^i903217
|
| 945 ^p0^l0^i903293
|
| 945 ^p0^l0^i903339
|
| 945 ^p0^l0^i903501
|
| 945 ^p0^l0^i903578
|
| 945 ^p0^l0^i905321
|
| 945 ^p0^l0^i903603
|
| 945 ^p0^l0^i903774
|
| 945 ^p0^l0^i904006
|
| 945 ^p0^l0^i904162
|
| 945 ^p0^l0^i904307
|
| 945 ^p0^l0^i904601
|
| 945 ^p0^l0^i904670
|
| 945 ^p0^l0^i904806
|
| 945 ^p0^l0^i904873
|
| 945 ^p0^l0^i905400 |
| 999 ^a ทศพร |